50 below zero / (Record no. 9133)

MARC details
000 -LEADER
fixed length control field 03092cam a22007935i 4500
001 - CONTROL NUMBER
control field 9133
003 - CONTROL NUMBER IDENTIFIER
control field FISKH
005 - DATE AND TIME OF LATEST TRANSACTION
control field 20251124144637.0
008 - FIXED-LENGTH DATA ELEMENTS--GENERAL INFORMATION
fixed length control field 230415t20222022onca b 000 1 eng
010 ## - LIBRARY OF CONGRESS CONTROL NUMBER
LC control number 2022465983
015 ## - NATIONAL BIBLIOGRAPHY NUMBER
National bibliography number 20220170878
Source can
015 ## - NATIONAL BIBLIOGRAPHY NUMBER
National bibliography number GBC2D6422
Source bnb
016 7# - NATIONAL BIBLIOGRAPHIC AGENCY CONTROL NUMBER
Record control number 020701356
Source Uk
020 ## - INTERNATIONAL STANDARD BOOK NUMBER
International Standard Book Number 9781773216553
Qualifying information (hardcover)
020 ## - INTERNATIONAL STANDARD BOOK NUMBER
International Standard Book Number 9780920236918
020 ## - INTERNATIONAL STANDARD BOOK NUMBER
International Standard Book Number 1773216554
Qualifying information (hardcover)
020 ## - INTERNATIONAL STANDARD BOOK NUMBER
International Standard Book Number 9781773216454
Qualifying information (softcover)
020 ## - INTERNATIONAL STANDARD BOOK NUMBER
International Standard Book Number 1773216457
Qualifying information (softcover)
020 ## - INTERNATIONAL STANDARD BOOK NUMBER
International Standard Book Number 9781668876992
Qualifying information Follett bdg
020 ## - INTERNATIONAL STANDARD BOOK NUMBER
International Standard Book Number 166887699X
Qualifying information Follett bdg
035 ## - SYSTEM CONTROL NUMBER
System control number 23068365
035 ## - SYSTEM CONTROL NUMBER
System control number (OCoLC)1292731711
040 ## - CATALOGING SOURCE
Original cataloging agency NLC
Language of cataloging eng
Transcribing agency YDX
Modifying agency DLC
055 ## - CLASSIFICATION NUMBERS ASSIGNED IN CANADA
Classification number PZ7.M86
082 ## - DEWEY DECIMAL CLASSIFICATION NUMBER
Classification number 813.54
100 1# - MAIN ENTRY--PERSONAL NAME
Personal name Munsch, Robert N.,
Dates associated with a name 1945-
Relator term author.
245 10 - TITLE STATEMENT
Title 50 below zero /
Statement of responsibility, etc. story by Robert Munsch ; art by Michael Martchenko.
260 ## - PUBLICATION, DISTRIBUTION, ETC.
Place of publication, distribution, etc. Toronto
Name of publisher, distributor, etc. Berkeley,
Date of publication, distribution, etc. 2022.
300 ## - PHYSICAL DESCRIPTION
Extent 22 unnumbered pages :
Other physical details color illustrations ;
Dimensions 21 cm
490 1# - SERIES STATEMENT
Series statement Munsch early readers
500 ## - GENERAL NOTE
General note "Reading level 3: reading by myself"--Cover.
500 ## - GENERAL NOTE
General note "The Classic Munsch stories you love, now abridged for early readers!"--Page 4 of cover.
500 ## - GENERAL NOTE
General note Originally published in 1986.
505 ## - FORMATTED CONTENTS NOTE
Formatted contents note J<br/>
520 ## - SUMMARY, ETC.
Summary, etc. "Jason's dad walks in his sleep. Where will Jason find him next?"--
Assigning source Page 4 of cover.
521 8# - TARGET AUDIENCE NOTE
Target audience note 470<br/>
Source Lexile AD<br/><br/>
521 8# - TARGET AUDIENCE NOTE
Target audience note J<br/>
Source Raz-Plus<br/>
526 8# - STUDY PROGRAM INFORMATION NOTE
Program name Lexile
Reading level 380L.
530 ## - ADDITIONAL PHYSICAL FORM AVAILABLE NOTE
Additional physical form available note Issued also in electronic formats.
650 #0 - SUBJECT ADDED ENTRY--TOPICAL TERM
Topical term or geographic name entry element Sleepwalking
Form subdivision Juvenile fiction.
650 #0 - SUBJECT ADDED ENTRY--TOPICAL TERM
Topical term or geographic name entry element Fathers
Form subdivision Juvenile fiction.
650 #0 - SUBJECT ADDED ENTRY--TOPICAL TERM
Topical term or geographic name entry element Fathers and sons
Form subdivision Juvenile fiction.
650 #0 - SUBJECT ADDED ENTRY--TOPICAL TERM
Topical term or geographic name entry element Cold
Form subdivision Juvenile fiction.
650 #0 - SUBJECT ADDED ENTRY--TOPICAL TERM
Topical term or geographic name entry element Low temperatures
Form subdivision Juvenile fiction.
650 #0 - SUBJECT ADDED ENTRY--TOPICAL TERM
Topical term or geographic name entry element Readers (Primary)
650 #1 - SUBJECT ADDED ENTRY--TOPICAL TERM
Topical term or geographic name entry element Sleepwalking
Form subdivision Fiction.
650 #6 - SUBJECT ADDED ENTRY--TOPICAL TERM
Topical term or geographic name entry element Anglais (Langue)
Form subdivision Lectures et morceaux choisis (Enseignement primaire)
650 #7 - SUBJECT ADDED ENTRY--TOPICAL TERM
Topical term or geographic name entry element JUVENILE FICTION / Bedtime & Dreams.
Source of heading or term bisacsh
650 #7 - SUBJECT ADDED ENTRY--TOPICAL TERM
Topical term or geographic name entry element Sleepwalking.
Source of heading or term fast
Authority record control number or standard number (OCoLC)fst01120876
650 #7 - SUBJECT ADDED ENTRY--TOPICAL TERM
Topical term or geographic name entry element Readers (Primary)
Source of heading or term fast
Authority record control number or standard number (OCoLC)fst01090606
650 #7 - SUBJECT ADDED ENTRY--TOPICAL TERM
Topical term or geographic name entry element Sleep
Form subdivision Fiction.
Source of heading or term sears
655 #0 - INDEX TERM--GENRE/FORM
Genre/form data or focus term Readers (Elementary)
655 #0 - INDEX TERM--GENRE/FORM
Genre/form data or focus term Children's stories.
655 #7 - INDEX TERM--GENRE/FORM
Genre/form data or focus term readers.
Source of term aat
655 #7 - INDEX TERM--GENRE/FORM
Genre/form data or focus term Readers (Elementary)
Source of term fast
Authority record control number or standard number (OCoLC)fst01726483
655 #7 - INDEX TERM--GENRE/FORM
Genre/form data or focus term Juvenile works.
Source of term fast
Authority record control number or standard number (OCoLC)fst01411637
655 #7 - INDEX TERM--GENRE/FORM
Genre/form data or focus term Fiction.
Source of term fast
Authority record control number or standard number (OCoLC)fst01423787
655 #7 - INDEX TERM--GENRE/FORM
Genre/form data or focus term Readers (Publications)
Source of term fast
Authority record control number or standard number (OCoLC)fst01919959
655 #7 - INDEX TERM--GENRE/FORM
Genre/form data or focus term Readers (Publications)
Source of term lcgft
655 #7 - INDEX TERM--GENRE/FORM
Genre/form data or focus term Lectures et morceaux choisis.
Source of term rvmgf
655 #7 - INDEX TERM--GENRE/FORM
Genre/form data or focus term Fiction.
Source of term lcgft
Authority record control number or standard number https://id.loc.gov/authorities/genreForms/gf2014026339
655 #7 - INDEX TERM--GENRE/FORM
Genre/form data or focus term Fiction.
Source of term lcgft
Authority record control number or standard number https://id.loc.gov/authorities/genreForms/gf2014026339
700 1# - ADDED ENTRY--PERSONAL NAME
Personal name Martchenko, Michael,
Relator term illustrator.
776 08 - ADDITIONAL PHYSICAL FORM ENTRY
Relationship information Online version:
Main entry heading Munsch, Robert N., 1945-
Title 50 below zero.
Place, publisher, and date of publication Toronto ; Berkeley : Annick Press, 2022
International Standard Book Number 1773216694
-- 9781773216690
Record control number (OCoLC)1296594722
800 1# - SERIES ADDED ENTRY--PERSONAL NAME
Personal name Munsch, Robert N.,
Dates associated with a name 1945-
Title of a work Munsch early readers.
906 ## - LOCAL DATA ELEMENT F, LDF (RLIN)
a 0
b ibc
c copycat
d 2
e ncip
f 20
g y-gencatlg
942 ## - ADDED ENTRY ELEMENTS (KOHA)
Source of classification or shelving scheme Dewey Decimal Classification
Koha item type Books
Suppress in OPAC No
Holdings
Withdrawn status Lost status Source of classification or shelving scheme Damaged status Not for loan Collection Home library Current library Shelving location Date acquired Total Checkouts Full call number Barcode Date last seen Date last checked out Copy number Price effective from Koha item type
    Dewey Decimal Classification     Juvenile Fiction Footprints International School Library Network Toul Tom Poung Campus Footprints International School Library Network Toul Kork Campus TTP Primary Dark Blue Bookshelves 11/24/2025 1 MUN 813.54 PZ7.M86 FISTK02682 11/24/2025 11/24/2025 1 11/24/2025 Books